书目信息 |
| 题名: |
摩纳哥史
|
|
| 作者: | 史密斯 , Smith 著 ;南京大学 译 | |
| 分册: | ||
| 出版信息: | 南京 江苏人民出版社 1978 |
|
| 页数: | 336页 | |
| 开本: | 20cm | |
| 丛书名: | ||
| 单 册: | ||
| 中图分类: | K566.0 | |
| 科图分类: | ||
| 主题词: | 历史-摩纳哥 | |
| 电子资源: | ||
| ISBN: | 11100.020 | |
| 000 | 00765nam0 2200277 450 | |
| 001 | 0178002460 | |
| 005 | 20100712215405.0 | |
| 010 | @a11100.020@dCNY1.03 | |
| 091 | @a11100.020 | |
| 100 | @a19950725d1978 em y0chiy0110 ea | |
| 101 | 1 | @achi@ceng |
| 102 | @aCN@b320000 | |
| 105 | @ay z 000yy | |
| 106 | @ar | |
| 200 | 1 | @a摩纳哥史@9Mo;Ma Na Ge Shi @f(英)史密斯(A.Smith)著@g南京大学《摩纳哥史》翻译组译 |
| 210 | @a南京@c江苏人民出版社@d1978 | |
| 215 | @a336页@d20cm | |
| 300 | @a内部读物 | |
| 606 | 0 | @a历史-摩纳哥 |
| 607 | @a摩纳哥@x历史 | |
| 690 | @aK566.0@v3 | |
| 701 | 1 | @a史密斯@9shi mi si@bA.@4著 |
| 701 | 1 | @aSmith@bA@4著 |
| 712 | 02 | @a南京大学@9nan jing da xue@4译 |
| 801 | 0 | @aCN@bAzMarc@c20130904 |
| 905 | @aBZT@dK566.0@e1@f1@sK566.0/1 | |
| 摩纳哥史/(英)史密斯(A.Smith)著/南京大学《摩纳哥史》翻译组译.-南京:江苏人民出版社,1978 |
| 336页;20cm |
| 内部读物 |
| ISBN 11100.020:CNY1.03 |
| ● |
| 相关链接 |
|
|
|
正题名:摩纳哥史
索取号:K566.0/1
 
预约/预借
| 序号 | 登录号 | 条形码 | 馆藏地/架位号 | 状态 | 备注 |
| 1 | 2000136894 | 2000136894 | 旧书回溯/ [索取号:K566.0/1] | 在馆 |